000 01048nas a2200277 4500
001 BR8500623
003 BR-BrBNA
005 20231205090113.0
007 ta
008 230509b bl.|||p| |||| 00| 00por d
040 _aBR-BrBNA
_bpor
_cBiblioteca Nacional de Agricultura
041 _a(Pt)
072 _aF27; U10
100 1 _aSilva, E.C. da
100 1 _aRibeiro, V.Q.
100 1 _aAndrade, D.F. de
245 1 _aUso de um modelo quadratico na determinacao do tamanho e forma de parcelas em experimentos com caupi consorciado com milho [Vigna unguiculata, Zea mays]
246 1 _aUse of a quadratic model to determine plot size and form in experiments with cowpea intercropped with maize [Vigna unguiculata, Zea mays]
650 _aFEIJAO DE CORDA
650 _aMILHO
650 _aCONSORCIACAO DE CULTURA
650 _aMODELO MATEMATICO
773 0 _tPesquisa Agropecuaria Brasileira (Brazil)
_xISSN 0100-204X
_g(Oct 1984), v. 19(10) p. 1267-1270
_wBR8500623
909 _a202311
_bLúcia
_c55
_dLúcia Elande
942 _2AGRIS
_n0
_cANA
999 _c116178
_d116178